000 00336nam a2200133Ia 4500
008 230917s9999||||xx |||||||||||||| ||und||
040 _e129288
_aMAIN
041 _aEnglish
082 _a780.954 S23H
100 _aSharma, Bhagwat Sharan
245 0 _aHindustani sangeet shastra
260 _aKhurja
_bSangeet Mandir
_c1986
942 _cBK
999 _c77438
_d77438